লোডিং...

Clark's Tables:Science Data Book

গ্রন্থ-পঞ্জীর বিবরন
প্রধান লেখক: Oliver & Boyd
ভাষা:English
প্রকাশিত: london Oliver
LEADER 00277nam a22001097a 4500
005 20151028162408.0
008 100603t xxu||||| |||| 00| 0 eng d
100 |a Oliver & Boyd  |9 27819 
245 |a Clark's Tables:Science Data Book 
942 |c REF  |6 _ 
260 |a london  |b Oliver 
999 |c 81538  |d 81538